| 000 -LEADER |
| fixed length control field |
02199cam a2200313 i 4500 |
| 001 - CONTROL NUMBER |
| control field |
16165994 |
| 003 - CONTROL NUMBER IDENTIFIER |
| control field |
OSt |
| 005 - DATE AND TIME OF LATEST TRANSACTION |
| control field |
20191014114718.0 |
| 008 - FIXED-LENGTH DATA ELEMENTS--GENERAL INFORMATION |
| fixed length control field |
100331s2010 nyua j b 001 0 eng |
| 010 ## - LIBRARY OF CONGRESS CONTROL NUMBER |
| LC control number |
2010012940 |
| 020 ## - INTERNATIONAL STANDARD BOOK NUMBER |
| International Standard Book Number |
9781579128326 |
| 040 ## - CATALOGING SOURCE |
| Original cataloging agency |
DLC |
| Language of cataloging |
eng |
| Description conventions |
rda |
| Transcribing agency |
DLC |
| 042 ## - AUTHENTICATION CODE |
| Authentication code |
pcc |
| 082 00 - DEWEY DECIMAL CLASSIFICATION NUMBER |
| Classification number |
910 ALE |
| Edition number |
22 |
| 100 1# - MAIN ENTRY--PERSONAL NAME |
| Personal name |
Alexander, Heather, |
| Dates associated with a name |
1967- |
| Relator term |
author |
| 245 12 - TITLE STATEMENT |
| Title |
A child's introduction to the world : |
| Remainder of title |
geography, cultures, and people : from the Grand Canyon to the Great Wall of China / |
| Statement of responsibility, etc. |
by Heather Alexander ; illustrated by Meredith Hamilton. |
| 264 #1 - PRODUCTION, PUBLICATION, DISTRIBUTION, MANUFACTURE, AND COPYRIGHT NOTICE |
| Place of production, publication, distribution, manufacture |
New York : |
| Name of producer, publisher, distributor, manufacturer |
Black Dog & Leventhal Publishers, |
| Date of production, publication, distribution, manufacture, or copyright notice |
[2010] |
| 300 ## - PHYSICAL DESCRIPTION |
| Extent |
96 pages : |
| Other physical details |
color illustrations, color maps ; |
| Dimensions |
26 cm + |
| Accompanying material |
2 sticker sheets and 1 paper globe |
| 336 ## - CONTENT TYPE |
| Content type term |
text |
| Content type code |
txt |
| Source |
rdacontent |
| 337 ## - MEDIA TYPE |
| Media type term |
unmediated |
| Media type code |
n |
| Source |
rdamedia |
| 338 ## - CARRIER TYPE |
| Carrier type term |
volume |
| Carrier type code |
nc |
| Source |
rdacarrier |
| 504 ## - BIBLIOGRAPHY, ETC. NOTE |
| Bibliography, etc. note |
Includes bibliographical references (page 96) and index. |
| 505 0# - FORMATTED CONTENTS NOTE |
| Formatted contents note |
pt. 1. Where am I? -- Where am I? -- In the beginning -- Excuse me, I think we're floating! -- Gone exploring -- Living on a sphere -- Where are we? -- Map stories -- How to read a map -- The ups and downs -- Going with the flow -- Different spaces, different places -- It's getting crowded in here -- Who are we? -- pt. 2. Welcome to the world -- The continents -- North America -- The United States of America -- Eastern United States -- Central United States -- Western United States -- Canada -- Mexico, Central America, and the Caribbean -- South America -- Northern South America and Brazil -- Southern South America -- Europe -- United Kingdom and Ireland -- Northern Europe & Eastern Europe -- Western Europe -- Southern Europe -- Asia -- Russia and Central Asia -- The Middle East -- South Asia -- Southeast Asia -- East Asia -- Africa -- Northern Africa -- Western Africa -- Central and Southern Africa -- Australia -- Oceania -- Antarctica and the Arctic regions. |
| 650 #0 - SUBJECT ADDED ENTRY--TOPICAL TERM |
| Topical term or geographic name entry element |
Geography |
| Form subdivision |
Juvenile literature. |
| 700 1# - ADDED ENTRY--PERSONAL NAME |
| Personal name |
Hamilton, Meredith, |
| Relator term |
illustrator |
| 906 ## - LOCAL DATA ELEMENT F, LDF (RLIN) |
| a |
7 |
| b |
cbc |
| c |
orignew |
| d |
1 |
| e |
ecip |
| f |
20 |
| g |
y-gencatlg |
| 942 ## - ADDED ENTRY ELEMENTS (KOHA) |
| Source of classification or shelving scheme |
|
| Koha item type |
Books - Non Ficton |